00504 a2200157 4500010001400000020002300014035001300037037001800050082001000068100001600078245010700094260005000201270004400251300003100295500002000326 aENG-86057 a0070658358c199.00 aEN-69590 bD.B.Act / Pub14a158.11 aFiore, Neil1 aAwaken your strongest self :cby Neil Fiorebbreak free of strees, inner conflict, and self-sabotage / aNew DelhibTata Mc-Graw Hill Publishingc2007 a7, West Patel NagarbNew Delhie110 008 axvi, 240 p.c21 cm. (Pbk.) aIncludes index